000 00449nam a22001337a 4500
008 230410b |||||||| |||| 00| 0 eng d
040 _aNational Science Library
_cNational Science Library
080 _a338(54-1)
_bK3
245 _aEconomic survey of Asia and the Far East 1962
_c/ United Nations
260 _aBangkok:
_bEconomic Commission for Asia and the Far East,
_c1963
300 _ax, 233p.
650 _aEconomic history
942 _2udc
_cREP
999 _c19621
_d19621